Motivational factors leading to selection of Japanese cuisine : A case study of Jogoya Japanese restaurant, Kuala Lumpur / (Record no. 74033)
[ view plain ]
| 000 -LEADER | |
|---|---|
| fixed length control field | 00935nam a2200217 a 4500 |
| 001 - CONTROL NUMBER | |
| control field | vtls003144844 |
| 003 - CONTROL NUMBER IDENTIFIER | |
| control field | MY-SjTCS |
| 005 - DATE AND TIME OF LATEST TRANSACTION | |
| control field | 20200219015500.0 |
| 008 - FIXED-LENGTH DATA ELEMENTS--GENERAL INFORMATION | |
| fixed length control field | 090715 000 0 eng d |
| 039 #9 - LEVEL OF BIBLIOGRAPHIC CONTROL AND CODING DETAIL [OBSOLETE] | |
| -- | 200907151315 |
| -- | fadilah |
| 082 04 - DEWEY DECIMAL CLASSIFICATION NUMBER | |
| Classification number | D675 |
| 100 1# - MAIN ENTRY--PERSONAL NAME | |
| Personal name | Siow, Wan Lee |
| 245 10 - TITLE STATEMENT | |
| Title | Motivational factors leading to selection of Japanese cuisine : A case study of Jogoya Japanese restaurant, Kuala Lumpur / |
| Statement of responsibility, etc. | Siow Wan Lee |
| 260 ## - PUBLICATION, DISTRIBUTION, ETC. | |
| Place of publication, distribution, etc. | [Kuala Lumpur], |
| Date of publication, distribution, etc. | 2009. |
| 300 ## - PHYSICAL DESCRIPTION | |
| Extent | [65]p. ; |
| Dimensions | 30 cm. |
| 502 ## - DISSERTATION NOTE | |
| Dissertation note | Dissertation (Bachelor of Hospitality and Tourism Management) - Universite De Toulouse Le Mirail, 2009. |
| 610 ## - SUBJECT ADDED ENTRY--CORPORATE NAME | |
| Corporate name or jurisdiction name as entry element | Universite De Toulouse Le Mirail. |
| Subordinate unit | Taylor's College, School of Hospitality and Tourism. |
| 650 #0 - SUBJECT ADDED ENTRY--TOPICAL TERM | |
| Topical term or geographic name entry element | Dissertations, Academic |
| General subdivision | Universite De Toulouse Le Mirail. |
| -- | Tourism Management (Hons) Hotel and Restaurant Management (PRO) |
| Chronological subdivision | 2009. |
| 650 #0 - SUBJECT ADDED ENTRY--TOPICAL TERM | |
| Topical term or geographic name entry element | Dissertations, TCHT. |
| 920 ## - Programme | |
| Programme | TCHT: D675 |
| Withdrawn status | Lost status | Source of classification or shelving scheme | Damaged status | Not for loan | Home library | Current library | Date acquired | Serial Enumeration / chronology | Total Checkouts | Barcode | Date last seen | Date last checked out | Copy number | Uniform Resource Identifier | Koha item type | Public note |
|---|---|---|---|---|---|---|---|---|---|---|---|---|---|---|---|---|
| Dewey Decimal Classification | Taylor's Library-TU | Taylor's Library-TU | 15/07/2009 | Dissertation | 5000045149 | 05/12/2019 | 25/02/2010 | 1 | Floor 4, Shelf 24 , Side 1, TierNo 4, BayNo 3 | Dissertation | SHT, D675 |